[Event "RSA-chT U20A"]
[Site "Boksburg"]
[Date "2018.12.16"]
[Round "2.5"]
[White "Beyers, Brad"]
[Black "Reyneke, Rubert"]
[Result "0-1"]
[WhiteElo "832"]
[BlackElo "995"]
[PlyCount "190"]
[EventDate "2018.12.16"]
[EventType "team-tourn"]
[EventRounds "7"]
[EventCountry "RSA"]
[SourceTitle "EXT 2020"]
[Source "ChessBase"]
[SourceDate "2019.10.17"]
[SourceVersion "1"]
[SourceVersionDate "2019.10.17"]
[SourceQuality "1"]
[WhiteTeam "Ethekwini U20"]
[BlackTeam "Bojanala Platina U20"]
[WhiteTeamCountry "RSA"]
[BlackTeamCountry "RSA"]

1. e4 e5 2. Nf3 Nc6 3. Bc4 Bc5 4. Nc3 Nf6 5. Ng5 0-0 6. d3 h6 7. Nf3 d6 8. Bd2 a6 9. 0-0 Re8 10. Nd5 Be6 11. Nxf6+ Qxf6 12. Bxe6 Qxe6 13. a3 Nd4 14. Be3 Nxf3+ 15. Qxf3 Bxe3 16. Qxe3 Qf6 17. Rad1 c6 18. f3 d5 19. Qb6 Rab8 20. exd5 cxd5 21. Qxf6 gxf6 22. f4 Rbc8 23. c3 d4 24. c4 e4 25. Rfe1 Red8 26. Rxe4 f5 27. Re5 Re8 28. Rxf5 b6 29. Rf6 b5 30. Rxa6 bxc4 31. dxc4 Rxc4 32. Rd6 Re4 33. b3 Rc3 34. Rd8+ Kg7 35. R8xd4 Rxd4 36. Rxd4 Rxb3 37. Ra4 Kf6 38. g3 Rb2 39. Ra6+ Kg7 40. a4 Rb8 41. Ra7 Kf6 42. a5 Kg6 43. a6 f6 44. Kf2 Rb2+ 45. Kf3 Rxh2 46. Rb7 Ra2 47. a7 Ra3+ 48. Kg4 h5+ 49. Kh4 Ra1 50. g4 Rh1+ 51. Kg3 Rg1+ 52. Kf2 Ra1 53. gxh5+ Kxh5 54. Kf3 Ra3+ 55. Ke4 Kg6 56. Kd5 Kf5 57. Kd6 Kxf4 58. Ke6 f5 59. Rb4+ Kg5 60. Rb7 f4 61. Rg7+ Kh4 62. Kf5 Ra4 63. Re7 Kg3 64. Rg7+ Kf3 65. Ke5 Ke3 66. Kd6 f3 67. Re7+ Kd3 68. Rf7 Ke2 69. Rf4 Rxa7 70. Re4+ Kf1 71. Rf4 f2 72. Kc6 Ke1 73. Kb6 Re7 74. Rxf2 Kxf2 75. Kc6 Re5 76. Kd6 Ra5 77. Kc6 Ke3 78. Kd6 Ke4 79. Ke6 Ra6+ 80. Kd7 Ke5 81. Kc7 Kd5 82. Kb7 Rh6 83. Kc7 Rg6 84. Kb7 Kc5 85. Ka7 Kb5 86. Kb7 Rg7+ 87. Kc8 Kb6 88. Kd8 Kc6 89. Ke8 Kd6 90. Kf8 Ra7 91. Kg8 Ke6 92. Kh8 Kf6 93. Kg8 Rb7 94. Kh8 Kg6 95. Kg8 Rb8# 0-1